Statistics for Worlds Smallest Animals by Category

Click here to take the quiz!

General Stats

  • This quiz has been taken 29 times
  • The average score is 2 of 10

Answer Stats

HintAnswer% Correct
Smallest BirdBee Hummingbird
57%
Smallest MonkeyPygmy Marmoset
57%
Smallest BatBumblebee Bat
30%
Smallest PrimateMadagascar Mouse Lemur
26%
Smallest SnakeLeptotyphlops Carlae
17%
Smallest FrogPaedophryne Amauensis
9%
Smallest FishCarpa Paedocypris
4%
Smallest ChameleonBrookesia Chameleon
0%
Smallest TortoiseChersobius signatus
0%
Smallest SeahorseHippocampus Denise
0%

Score Distribution

Percentile by Number Answered

Percent of People with Each Score

Your Score History

You have not taken this quiz